Lecture notes on Clinical Investigation./ (Record no. 920)

MARC details
000 -LEADER
fixed length control field 00712nam a22002177a 4500
003 - CONTROL NUMBER IDENTIFIER
control field OSt
005 - DATE AND TIME OF LATEST TRANSACTION
control field 20150116154737.0
008 - FIXED-LENGTH DATA ELEMENTS--GENERAL INFORMATION
fixed length control field 150116b xxu||||| |||| 00| 0 eng d
020 ## - INTERNATIONAL STANDARD BOOK NUMBER
International Standard Book Number 0632029072
040 ## - CATALOGING SOURCE
Transcribing agency DNLM
082 ## - DEWEY DECIMAL CLASSIFICATION NUMBER
Classification number WB 141 L494 1991
245 ## - TITLE STATEMENT
Title Lecture notes on Clinical Investigation./
Statement of responsibility, etc. Edited by Derek Maclean , Malcolm Bateson & Christopher Pennington.
260 ## - PUBLICATION, DISTRIBUTION, ETC. (IMPRINT)
Place of publication, distribution, etc. London :
Name of publisher, distributor, etc. Blackwell Scientific Publications ;
Date of publication, distribution, etc. 1991.
300 ## - PHYSICAL DESCRIPTION
Extent x, 229 p :
Other physical details ill;
Dimensions 27 cm
504 ## - BIBLIOGRAPHY, ETC. NOTE
Bibliography, etc Includes index.
650 ## - SUBJECT ADDED ENTRY--TOPICAL TERM
Topical term or geographic name as entry element Clinical Investigation
9 (RLIN) 2468
700 ## - ADDED ENTRY--PERSONAL NAME
Relator code Editor
Personal name Maclean Derek
9 (RLIN) 2469
700 ## - ADDED ENTRY--PERSONAL NAME
Relator code Editor
Personal name Bateson Malcolm
9 (RLIN) 2470
700 ## - ADDED ENTRY--PERSONAL NAME
Relator code Editor
Personal name Pennington Christopher.
9 (RLIN) 2471
942 ## - ADDED ENTRY ELEMENTS (KOHA)
Source of classification or shelving scheme Other/Generic Classification Scheme
Koha item type Short Loan
Holdings
Withdrawn status Lost status Source of classification or shelving scheme Damaged status Not for loan Home library Current library Date acquired Source of acquisition Inventory number Total Checkouts Full call number Barcode Date last seen Price effective from Koha item type
    Other/Generic Classification Scheme     MUST Main Library MUST Main Library 16/01/2015   1995/7664   WB 141 L494 1991 2015-0143 16/01/2015 16/01/2015 Short Loan